banner koha

Identificação de marcadores moleculares de microsatélites para seleção de gonótipos de soja resistentes a Meloidogyne Javanica (Registro n. 193007)

MARC details
000 -LÍDER
campo de controle de tamanho fixo 01111nas a2200373 4500
001 - NÚMERO DE CONTROLE
campo de controle BR0800389
003 - IDENTIFICADOR DO NÚMERO DE CONTROLE
campo de controle BR-BrBNA
005 - DATA E HORÁRIO DA ÚLTIMA TRANSAÇÃO
campo de controle 20231205111503.0
007 - CAMPO FIXO DE DESCRIÇÃO FÍSICA--INFORMAÇÃO GERAL
campo de controle de tamanho fixo ta
008 - CAMPO DE DADOS FIXOS--INFORMAÇÃO GERAL
campo de controle de tamanho fixo 230509b bl.|||p| |||| 00| 00por d
040 ## - FONTE DA CATALOGAÇÃO
Instituição da catalogação original BR-BrBNA
Idioma da catalogação por
Instituição que transcreveu o registro Biblioteca Nacional de Agricultura
041 ## - CÓDIGO DE IDIOMA
Código do idioma do texto/trilha sonora ou título diferente (Pt)
072 ## - CÓDIGO DE CATEGORIA DE ASSUNTO
Código de Categoria de Assunto F30
100 1# - ENTRADA PRINCIPAL--NOME PESSOAL
Nome pessoal Fuganti, R.
100 1# - ENTRADA PRINCIPAL--NOME PESSOAL
Nome pessoal Beneventi, M.A.
100 1# - ENTRADA PRINCIPAL--NOME PESSOAL
Nome pessoal Silva, J.F.V.
100 1# - ENTRADA PRINCIPAL--NOME PESSOAL
Nome pessoal Arrabalarias, C.A.
100 1# - ENTRADA PRINCIPAL--NOME PESSOAL
Nome pessoal Marin, S.R.R.
100 1# - ENTRADA PRINCIPAL--NOME PESSOAL
Nome pessoal Binneck, E.
100 1# - ENTRADA PRINCIPAL--NOME PESSOAL
Nome pessoal Nepomuceno, A.L.
245 1# - TÍTULO
Título Identificação de marcadores moleculares de microsatélites para seleção de gonótipos de soja resistentes a Meloidogyne Javanica
650 ## - ASSUNTO--TERMO TÓPICO
Cabeçalho tópico ou nome geográfico PATOGENICIDADE
650 ## - ASSUNTO--TERMO TÓPICO
Cabeçalho tópico ou nome geográfico SOJA
650 ## - ASSUNTO--TERMO TÓPICO
Cabeçalho tópico ou nome geográfico NEMATÓIDE
650 ## - ASSUNTO--TERMO TÓPICO
Cabeçalho tópico ou nome geográfico GALHA
650 ## - ASSUNTO--TERMO TÓPICO
Cabeçalho tópico ou nome geográfico RESISTÊNCIA GENÉTICA
650 ## - ASSUNTO--TERMO TÓPICO
Cabeçalho tópico ou nome geográfico SELEÇÃO GENÓTIPA
650 ## - ASSUNTO--TERMO TÓPICO
Cabeçalho tópico ou nome geográfico IDENTIFICAÇÃO
650 ## - ASSUNTO--TERMO TÓPICO
Cabeçalho tópico ou nome geográfico MARCAÇÃO
650 ## - ASSUNTO--TERMO TÓPICO
Cabeçalho tópico ou nome geográfico SATÉLITE
773 0# - ENTRADA ANALÍTICA
Título Nematologia Brasileira (Brazil)
ISSN - International Standard Serial Number ISSN 0102-2997
Partes relacionadas (Dec 2004), v. 28(2) p. 125-130
Número de controle do registro BR0800389
909 ## -
-- 202311
-- Lúcia
-- 55
-- Lúcia Elande
942 ## - ELEMENTOS DE ENTRADA ADICIONADOS (KOHA)
Fonte da classificação ou esquema de arquivamento na estante Classificação AGRIS
Ocultar no OPAC Não
Tipo de material Koha Analítica
Exemplares
Situação do descarte Fonte da classificação ou esquema de arquivamento na estante Situação física Não pode ser emprestado Biblioteca de origem Biblioteca atual Localização na estante Enumeração do periódico / cronologia Total de empréstimos Data de último acesso Número do exemplar Tipo de material Koha Fonte de aquisição
  Classificação AGRIS   Consulta local Biblioteca Nacional de Agricultura - Binagri Biblioteca Nacional de Agricultura - Binagri   (Dec 2004), v. 28(2) p. 125-130   29/11/2023 01 Periódicos Portaria Interministerial nº 164/94

BINAGRI

Telefone: (61)3218-2567/2388/3357/2097 - binagri@agro.gov.br

Ministério da Agricultura e Pecuária , Esplanada dos Ministérios, Bloco D, Anexo B, Brasília/DF, CEP: 70.043-900